Statistics for 5 Biggest Cities In The USA (15 Second Sprint)

Click here to take the quiz!

General Stats

  • This quiz has been taken 23 times
  • The average score is 4 of 5

Answer Stats

Population City % Correct
14 MilLos Angeles
100%
20 MilNew York
94%
9 MilChicago
94%
8 MilHouston
75%
8 MilPhoenix
56%

Score Distribution

Percentile by Number Answered

Percent of People with Each Score

Your Score History

You have not taken this quiz